Представление документа в формате MARC21

Поле Инд. ПП Название Значение
Тип записи a
Библиографический уровень b
001 Контрольный номер RU/IS/BASE/289413389
005 Дата корректировки 20200630193238.7
008 Кодируемые данные 20090303
040 b Код языка каталог. rus
e Правила каталог. PSBO
041 0_ a Код языка текста rus
084 a Индекс другой классификации/Индекс ББК 81.411.2-1с51; 81.051
100 1_ a Автор Кедрова Г. Е.
100 1_ a Автор Анисимов Н. В.
100 1_ a Автор Захаров Л. М.
245 10 a Заглавие К вопросу о построении моделей артикулярной базы русского вокализма: исследование вариантов артикуляционной преднастройки методом магнито-резонансной томографии
504 a Библиография Библиогр. - Примеч.: с. 24 - 25
650 04 a Основная рубрика общее языкознание
a Основная рубрика филологические науки
a Основная рубрика языкознание
653 0_ a Ключевые слова артикуляция
a Ключевые слова вокализм
a Ключевые слова звуки
a Ключевые слова магнитно-резонансная томография (МРТ)
a Ключевые слова модели артикуляции
a Ключевые слова речь
a Ключевые слова фонетика
a Ключевые слова фонология
773 08 t Заглавие источника Вестник Московского университета. Серия 9, Филология
d Дата издания источника 2008
g Прочая информация № 2. - С. 9 - 25 : табл., фот.
w Контрольный № источника RU/IS/BASE/286474537
901 t Тип документа b